| Tag |
First Indicator |
Second Indicator |
Subfields |
| LEADER |
00000cam a2200000 a 4500 |
| 001 |
in00001323398 |
| 005 |
20151005083209.0 |
| 008 |
960216s1996 nyu b 001 0 eng |
| 010 |
|
|
|a 96006793
|
| 020 |
|
|
|a 0812928334 (hc)
|
| 035 |
|
|
|a (OCoLC)34281913
|
| 035 |
|
|
|9 AHD6657AM
|
| 040 |
|
|
|a DLC
|c DLC
|d C#P
|d TXA
|d UtOrBLW
|
| 049 |
|
|
|a TXAM
|
| 050 |
0 |
0 |
|a HD31
|b .M432 1996
|
| 082 |
0 |
0 |
|a 658
|2 20
|
| 100 |
1 |
|
|a Micklethwait, John.
|
| 245 |
1 |
4 |
|a The witch doctors :
|b making sense of the management gurus /
|c John Micklethwait, Adrian Wooldridge.
|
| 250 |
|
|
|a 1st U.S. ed.
|
| 264 |
|
1 |
|a New York :
|b Times Books,
|c [1996]
|
| 264 |
|
4 |
|c ©1996
|
| 300 |
|
|
|a xiv, 369 pages ;
|c 25 cm.
|
| 336 |
|
|
|a text
|b txt
|2 rdacontent
|
| 337 |
|
|
|a unmediated
|b n
|2 rdamedia
|
| 338 |
|
|
|a volume
|b nc
|2 rdacarrier
|
| 504 |
|
|
|a Includes bibliographical references (pages 339-345) and index.
|
| 650 |
|
0 |
|a Industrial management.
|
| 650 |
|
0 |
|a Comparative management.
|
| 700 |
1 |
|
|a Wooldridge, Adrian.
|
| 999 |
|
|
|a MARS
|
| 999 |
f |
f |
|s 8272b354-bcd9-3e66-8cb2-395311298379
|i efb299d9-7aba-3215-9901-863715e7265c
|t 0
|
| 952 |
f |
f |
|p ric
|a Texas A&M University
|b Rellis Campus
|c Joint Library Facility
|d Remote Storage
|t 0
|e HD31 .M432 1996
|h Library of Congress classification
|i unmediated -- volume
|m A14820531400
|
| 998 |
f |
f |
|a HD31 .M432 1996
|t 0
|l Remote Storage
|